Planificación en el ámbito público / John Friedman ; traducción: Silvia Godé Poyuelo Silvia Godé Poyuelo
ISBN:
84-7088-597-9
Descripción Física:
359 p. ; 24 cm
Colección:
Estudios. Administración general
Otros Autores:
Godé Poyuelo, Silvia
MARC
| LEADER | 00000nam a2200000Ia 4500 | ||
|---|---|---|---|
| 001 | 19994 | ||
| 008 | 160829s1991 xx 000 0 cat d | ||
| 020 | |a 84-7088-597-9 | ||
| 080 | |a M-6-1 | ||
| 100 | |a Friedman, John |9 44233 | ||
| 245 | |a Planificación en el ámbito público / John Friedman ; traducción: |b Silvia Godé Poyuelo | ||
| 260 | |a Madrid : |b MAP, Ministerio para las Administraciones Púbilcas, |c 1991 | ||
| 300 | |a 359 p. ; |c 24 cm | ||
| 490 | |a Estudios. Administración general | ||
| 590 | |a A la portada: A Harvey S. Perloff, in memoriam | ||
| 650 | 0 | |a Política social |9 35716 | |
| 650 | |a Administració pública |x Planificació |9 44234 | ||
| 650 | |a Economia planificada |9 44235 | ||
| 700 | 1 | |a Godé Poyuelo, Silvia |9 44236 | |
| 901 | |a Arxiu | ||
| 942 | |n 1 | ||
| 952 | |0 0 |1 0 |4 0 |6 M61 |7 1 |9 51859 |a Arxiu |b Arxiu |d 2016-12-01 |l 0 |o M-6-1 |p 19994 |r 2016-12-01 00:00:00 |w 2016-12-01 |y ARXIU | ||
| 999 | |c 55705 |d 55705 | ||